[Event "ODJM C 2025"]
[Site "Willingen GER"]
[Date "2025.06.13"]
[Round "8"]
[White "Friede, Juan"]
[Black "Yang, Everest"]
[Result "1-0"]
[Termination "normal"]
[Board "4"]
[WhiteElo "1197"]
[BlackElo "1629"]
[WhiteClock "00:28:40"]
[BlackClock "00:34:27"]
[PlyCount "55"]
[WhiteFideId "533043760"]
[BlackFideId "533021570"]
[EventCountry "GER"]
[EventRounds "9"]
[EventType "swiss"]
[EventDate "2025.06.07"]

1. e4 {[%clk 01:30:59]} {[%emt 00:00:02]} c5 {[%clk 01:30:52]} {[%emt
00:00:08]} 2. Be2 {[%clk 01:31:24]} {[%emt 00:00:05]} Nc6 {[%clk 01:30:36]}
{[%emt 00:00:46]} 3. f4 {[%clk 01:31:45]} {[%emt 00:00:08]} e5 {[%clk
01:30:19]} {[%emt 00:00:47]} 4. d3 {[%clk 01:23:52]} {[%emt 00:08:23]} d6
{[%clk 01:27:06]} {[%emt 00:03:43]} 5. Nf3 {[%clk 01:20:05]} {[%emt 00:04:17]}
Nf6 {[%clk 01:24:01]} {[%emt 00:03:36]} 6. O-O {[%clk 01:16:43]} {[%emt
00:03:52]} Be7 {[%clk 01:23:06]} {[%emt 00:01:25]} 7. Na3 {[%clk 01:09:19]}
{[%emt 00:07:55]} O-O {[%clk 01:20:30]} {[%emt 00:03:05]} 8. Nc4 {[%clk
01:02:18]} {[%emt 00:07:31]} Qc7 {[%clk 01:15:11]} {[%emt 00:05:49]} 9. a4
{[%clk 00:58:51]} {[%emt 00:03:57]} Be6 {[%clk 01:12:51]} {[%emt 00:02:49]} 10.
b3 {[%clk 00:54:50]} {[%emt 00:04:32]} Nd7 {[%clk 01:06:15]} {[%emt 00:07:06]}
11. f5 {[%emt 00:03:07]} Bxc4 {[%clk 01:06:36]} {[%emt 00:00:07]} 12. bxc4
{[%clk 00:50:23]} {[%emt 00:02:22]} a6 {[%clk 01:00:25]} {[%emt 00:06:41]} 13.
Be3 {[%clk 00:46:31]} {[%emt 00:04:22]} Rfb8 {[%clk 00:58:39]} {[%emt
00:02:16]} 14. Qd2 {[%clk 00:44:48]} {[%emt 00:02:13]} Nd4 {[%clk 00:56:10]}
{[%emt 00:02:59]} 15. Rfb1 {[%clk 00:41:41]} {[%emt 00:03:37]} Nxe2+ {[%clk
00:47:51]} {[%emt 00:08:49]} 16. Qxe2 {[%clk 00:42:00]} {[%emt 00:00:11]} Nb6
{[%clk 00:47:40]} {[%emt 00:00:41]} 17. Bd2 {[%clk 00:38:55]} {[%emt 00:03:35]}
Nc8 {[%clk 00:47:07]} {[%emt 00:01:02]} 18. Ne1 {[%clk 00:36:01]} {[%emt
00:03:23]} Na7 {[%clk 00:45:53]} {[%emt 00:01:45]} 19. c3 {[%clk 00:34:01]}
{[%emt 00:02:31]} b5 {[%clk 00:45:04]} {[%emt 00:01:18]} 20. axb5 {[%clk
00:33:35]} {[%emt 00:00:57]} axb5 {[%clk 00:41:05]} {[%emt 00:04:29]} 21. cxb5
{[%emt 00:00:21]} Qd8 {[%clk 00:36:00]} {[%emt 00:05:32]} 22. c4 {[%clk
00:32:41]} {[%emt 00:01:36]} Nc8 {[%clk 00:36:09]} {[%emt 00:00:22]} 23. Qg4
{[%clk 00:29:35]} {[%emt 00:03:35]} Qb6 {[%clk 00:33:56]} {[%emt 00:02:42]} 24.
Bh6 {[%clk 00:28:59]} {[%emt 00:01:07]} Bf6 {[%clk 00:34:25]} {[%emt 00:00:01]}
25. Bg5 {[%clk 00:27:41]} {[%emt 00:01:48]} Bxg5 {[%clk 00:34:40]} {[%emt
00:00:14]} 26. Qxg5 {[%clk 00:28:08]} {[%emt 00:00:03]} Ra7 {[%clk 00:33:59]}
{[%emt 00:01:12]} 27. f6 {[%clk 00:28:19]} {[%emt 00:00:19]} g6 {[%clk
00:34:27]} {[%emt 00:00:02]} 28. Qh6 {[%clk 00:28:40]} {[%emt 00:00:09]} 1-0

[Event "ODJM C 2025"]
[Site "Willingen GER"]
[Date "2025.06.13"]
[Round "8"]
[White "Romberg, Moritz"]
[Black "Lange, Lene Marie"]
[Result "1/2-1/2"]
[Termination "normal"]
[Board "6"]
[WhiteElo "1565"]
[BlackElo "1547"]
[WhiteClock "01:04:27"]
[BlackClock "01:01:44"]
[PlyCount "44"]
[WhiteFideId "34676600"]
[BlackFideId "34639748"]
[EventCountry "GER"]
[EventRounds "9"]
[EventType "swiss"]
[EventDate "2025.06.07"]

1. d4 {[%clk 01:30:58]} {[%emt 00:00:02]} d5 {[%clk 01:30:55]} {[%emt
00:00:06]} 2. c4 {[%clk 01:31:24]} {[%emt 00:00:04]} c6 {[%clk 01:31:21]}
{[%emt 00:00:04]} 3. Nc3 {[%clk 01:31:47]} {[%emt 00:00:07]} Nf6 {[%emt
00:00:13]} 4. Bf4 {[%clk 01:32:05]} {[%emt 00:00:08]} dxc4 {[%clk 01:31:57]}
{[%emt 00:00:15]} 5. e3 {[%clk 01:32:06]} {[%emt 00:00:28]} b5 {[%clk
01:32:17]} {[%emt 00:00:10]} 6. Nf3 {[%clk 01:31:27]} {[%emt 00:01:10]} e6
{[%clk 01:29:15]} {[%emt 00:03:32]} 7. a3 {[%clk 01:30:48]} {[%emt 00:01:09]}
Nbd7 {[%clk 01:27:43]} {[%emt 00:02:01]} 8. Be2 {[%clk 01:30:20]} {[%emt
00:00:59]} Be7 {[%clk 01:26:55]} {[%emt 00:01:17]} 9. O-O {[%clk 01:26:59]}
{[%emt 00:03:48]} O-O {[%clk 01:26:26]} {[%emt 00:01:02]} 10. a4 {[%clk
01:26:34]} {[%emt 00:00:56]} Qb6 {[%clk 01:24:06]} {[%emt 00:02:50]} 11. axb5
{[%clk 01:26:01]} {[%emt 00:01:03]} cxb5 {[%clk 01:18:36]} {[%emt 00:05:59]}
12. b3 {[%clk 01:25:49]} {[%emt 00:00:43]} Bb7 {[%clk 01:15:43]} {[%emt
00:03:23]} 13. bxc4 {[%clk 01:25:03]} {[%emt 00:01:16]} bxc4 {[%clk 01:15:52]}
{[%emt 00:00:20]} 14. Nd2 {[%clk 01:23:21]} {[%emt 00:02:12]} Qc6 {[%clk
01:15:05]} {[%emt 00:01:17]} 15. Bf3 {[%clk 01:22:14]} {[%emt 00:01:38]} Qc8
{[%clk 01:14:45]} {[%emt 00:00:49]} 16. Bxb7 {[%clk 01:20:07]} {[%emt
00:02:38]} Qxb7 {[%clk 01:14:55]} {[%emt 00:00:20]} 17. Qe2 {[%clk 01:19:30]}
{[%emt 00:01:07]} Rfc8 {[%clk 01:12:44]} {[%emt 00:02:40]} 18. Rfb1 {[%clk
01:14:16]} {[%emt 00:05:45]} Qc6 {[%clk 01:11:15]} {[%emt 00:01:58]} 19. Ra4
{[%clk 01:13:21]} {[%emt 00:01:25]} Nb6 {[%clk 01:10:53]} {[%emt 00:00:52]} 20.
Ra6 {[%clk 01:12:48]} {[%emt 00:01:03]} Qd7 {[%clk 01:08:14]} {[%emt 00:03:09]}
21. Rba1 {[%clk 01:06:36]} {[%emt 00:06:42]} Bb4 {[%clk 01:05:24]} {[%emt
00:03:20]} 22. Ndb1 {[%clk 01:04:27]} {[%emt 00:02:40]} Bxc3 {[%clk 01:01:44]}
{[%emt 00:04:10]} 1/2-1/2

[Event "ODJM C 2025"]
[Site "Willingen GER"]
[Date "2025.06.13"]
[Round "8"]
[White "Yan, Jenny"]
[Black "Datta, Satadru"]
[Result "1-0"]
[Termination "normal"]
[Board "7"]
[WhiteElo "1509"]
[BlackElo "1458"]
[WhiteClock "00:42:26"]
[BlackClock "00:28:42"]
[PlyCount "97"]
[WhiteFideId "34630376"]
[BlackFideId "34637931"]
[EventCountry "GER"]
[EventRounds "9"]
[EventType "swiss"]
[EventDate "2025.06.07"]

1. g3 {[%clk 01:30:44]} {[%emt 00:00:16]} d5 {[%clk 01:30:34]} {[%emt
00:00:20]} 2. Bg2 {[%clk 01:31:06]} {[%emt 00:00:15]} Nf6 {[%clk 01:30:27]}
{[%emt 00:00:36]} 3. Nf3 {[%clk 01:30:41]} {[%emt 00:00:56]} Bf5 {[%clk
01:29:07]} {[%emt 00:01:48]} 4. d3 {[%clk 01:29:39]} {[%emt 00:01:34]} e6
{[%clk 01:28:03]} {[%emt 00:01:33]} 5. O-O {[%clk 01:27:59]} {[%emt 00:02:09]}
Bd6 {[%clk 01:25:30]} {[%emt 00:03:02]} 6. c4 {[%clk 01:25:18]} {[%emt
00:03:13]} Nc6 {[%clk 01:23:24]} {[%emt 00:02:35]} 7. cxd5 {[%clk 01:24:39]}
{[%emt 00:01:10]} exd5 {[%clk 01:22:45]} {[%emt 00:01:10]} 8. Nc3 {[%clk
01:23:06]} {[%emt 00:02:03]} Bg6 {[%clk 01:18:30]} {[%emt 00:04:44]} 9. Bg5
{[%clk 01:16:37]} {[%emt 00:06:59]} Be7 {[%clk 01:16:22]} {[%emt 00:02:36]} 10.
Nd2 {[%clk 01:10:04]} {[%emt 00:07:06]} O-O {[%clk 01:11:41]} {[%emt 00:05:10]}
11. Bxf6 {[%emt 00:04:56]} Bxf6 {[%clk 01:09:57]} {[%emt 00:01:59]} 12. Nxd5
{[%clk 01:02:30]} {[%emt 00:03:53]} Rb8 {[%clk 00:59:43]} {[%emt 00:10:43]} 13.
Nxf6+ {[%clk 01:01:35]} {[%emt 00:01:26]} Qxf6 {[%clk 00:59:46]} {[%emt
00:00:26]} 14. b3 {[%clk 00:58:19]} {[%emt 00:03:48]} Rbd8 {[%clk 00:53:34]}
{[%emt 00:06:41]} 15. Ne4 {[%clk 00:53:30]} {[%emt 00:05:19]} Bxe4 {[%clk
00:52:13]} {[%emt 00:01:51]} 16. Bxe4 {[%clk 00:53:10]} {[%emt 00:00:51]} Rfe8
{[%clk 00:48:51]} {[%emt 00:03:50]} 17. Bxc6 {[%clk 00:47:46]} {[%emt
00:05:55]} Qxc6 {[%clk 00:48:50]} {[%emt 00:00:31]} 18. Rc1 {[%clk 00:46:34]}
{[%emt 00:01:43]} Qd6 {[%clk 00:43:58]} {[%emt 00:05:07]} 19. Qc2 {[%clk
00:42:58]} {[%emt 00:04:20]} c6 {[%clk 00:43:10]} {[%emt 00:01:18]} 20. Rfe1
{[%clk 00:39:21]} {[%emt 00:04:07]} h6 {[%clk 00:39:23]} {[%emt 00:04:17]} 21.
Qc5 {[%clk 00:37:02]} {[%emt 00:02:47]} Qxc5 {[%clk 00:38:00]} {[%emt
00:01:55]} 22. Rxc5 {[%clk 00:37:08]} {[%emt 00:00:24]} Rd5 {[%clk 00:34:48]}
{[%emt 00:03:41]} 23. Rxd5 {[%clk 00:37:21]} {[%emt 00:00:18]} cxd5 {[%clk
00:34:05]} {[%emt 00:01:13]} 24. e4 {[%clk 00:34:19]} {[%emt 00:03:31]} Kh7
{[%clk 00:32:31]} {[%emt 00:02:04]} 25. f3 {[%clk 00:33:13]} {[%emt 00:01:37]}
Kg6 {[%clk 00:30:44]} {[%emt 00:02:17]} 26. Kf2 {[%clk 00:30:44]} {[%emt
00:02:59]} d4 {[%clk 00:25:32]} {[%emt 00:05:41]} 27. Rc1 {[%clk 00:29:02]}
{[%emt 00:02:13]} Re7 {[%clk 00:23:03]} {[%emt 00:02:58]} 28. f4 {[%clk
00:26:32]} {[%emt 00:03:01]} f6 {[%clk 00:20:56]} {[%emt 00:02:33]} 29. Kf3
{[%clk 00:25:41]} {[%emt 00:01:26]} h5 {[%clk 00:12:54]} {[%emt 00:08:31]} 30.
h3 {[%clk 00:24:17]} {[%emt 00:01:54]} Kh6 {[%clk 00:10:33]} {[%emt 00:02:50]}
31. Rc5 {[%clk 00:22:19]} {[%emt 00:02:29]} Rd7 {[%clk 00:07:46]} {[%emt
00:03:17]} 32. Rd5 {[%clk 00:21:55]} {[%emt 00:00:54]} Rxd5 {[%clk 00:07:42]}
{[%emt 00:00:35]} 33. exd5 {[%clk 00:22:18]} {[%emt 00:00:07]} Kg6 {[%clk
00:07:58]} {[%emt 00:00:13]} 34. Ke4 {[%clk 00:22:30]} {[%emt 00:00:17]} Kf7
{[%clk 00:07:56]} {[%emt 00:00:32]} 35. Kxd4 {[%clk 00:22:42]} {[%emt
00:00:20]} Ke7 {[%clk 00:07:26]} {[%emt 00:00:59]} 36. g4 {[%clk 00:22:27]}
{[%emt 00:00:45]} hxg4 {[%clk 00:06:21]} {[%emt 00:01:34]} 37. hxg4 {[%clk
00:22:48]} {[%emt 00:00:10]} Kd6 {[%clk 00:06:20]} {[%emt 00:00:31]} 38. a3
{[%clk 00:20:50]} {[%emt 00:02:29]} a6 {[%clk 00:03:44]} {[%emt 00:03:04]} 39.
b4 {[%clk 00:19:09]} {[%emt 00:02:12]} g6 {[%clk 00:02:21]} {[%emt 00:01:52]}
40. a4 {[%clk 00:17:02]} {[%emt 00:02:38]} b6 {[%clk 00:02:23]} {[%emt
00:00:28]} 41. Ke4 {[%clk 00:13:37]} {[%emt 00:03:53]} a5 {[%clk 00:00:58]}
{[%emt 00:01:56]} 42. bxa5 {[%clk 00:13:24]} {[%emt 00:00:44]} bxa5 {[%clk
00:01:13]} {[%emt 00:00:15]} 43. g5 {[%clk 00:11:20]} {[%emt 00:02:35]} fxg5
{[%clk 00:29:28]} {[%emt 00:02:14]} 44. fxg5 {[%clk 00:41:38]} {[%emt
00:00:12]} Kd7 {[%clk 00:28:42]} {[%emt 00:01:15]} 45. Ke5 {[%clk 00:41:33]}
{[%emt 00:00:36]} Ke7 {[%clk 00:28:43]} {[%emt 00:00:29]} 46. d6+ {[%clk
00:41:28]} {[%emt 00:00:35]} Kd7 {[%clk 00:28:45]} {[%emt 00:00:28]} 47. Kf6
{[%clk 00:41:40]} {[%emt 00:00:18]} Kxd6 {[%clk 00:29:02]} {[%emt 00:00:14]}
48. Kxg6 {[%clk 00:42:05]} {[%emt 00:00:04]} Ke6 {[%clk 00:28:42]} {[%emt
00:00:50]} 49. Kh7 {[%clk 00:42:26]} {[%emt 00:00:08]} 1-0

[Event "ODJM C 2025"]
[Site "Willingen GER"]
[Date "2025.06.13"]
[Round "8"]
[White "Tamke, Quintus"]
[Black "Hantke, Florian"]
[Result "1-0"]
[Termination "normal"]
[Board "8"]
[WhiteElo "1201"]
[BlackElo "1517"]
[WhiteClock "00:13:39"]
[BlackClock "00:24:39"]
[PlyCount "83"]
[WhiteFideId "533015856"]
[BlackFideId "34638962"]
[EventCountry "GER"]
[EventRounds "9"]
[EventType "swiss"]
[EventDate "2025.06.07"]

1. d4 {[%clk 01:30:52]} {[%emt 00:00:07]} Nf6 {[%clk 01:29:36]} {[%emt
00:01:25]} 2. Bg5 {[%clk 01:30:51]} {[%emt 00:00:30]} c5 {[%clk 01:29:53]}
{[%emt 00:00:14]} 3. Bxf6 {[%clk 01:30:06]} {[%emt 00:01:15]} gxf6 {[%clk
01:30:02]} {[%emt 00:00:21]} 4. d5 {[%clk 01:29:51]} {[%emt 00:00:45]} Qb6
{[%clk 01:28:57]} {[%emt 00:01:35]} 5. Qc1 {[%clk 01:26:04]} {[%emt 00:04:17]}
f5 {[%clk 01:23:19]} {[%emt 00:06:09]} 6. e3 {[%clk 01:17:02]} {[%emt
00:09:31]} Bg7 {[%clk 01:19:01]} {[%emt 00:04:47]} 7. c3 {[%clk 01:15:06]}
{[%emt 00:02:27]} d6 {[%clk 01:15:54]} {[%emt 00:03:37]} 8. Nf3 {[%clk
01:12:02]} {[%emt 00:03:34]} Nd7 {[%clk 01:10:23]} {[%emt 00:06:01]} 9. Nbd2
{[%clk 01:01:57]} {[%emt 00:10:34]} Nf6 {[%clk 00:57:36]} {[%emt 00:13:17]} 10.
Bc4 {[%clk 00:47:59]} {[%emt 00:14:29]} Bd7 {[%clk 00:52:03]} {[%emt 00:06:03]}
11. Rb1 {[%clk 00:46:44]} {[%emt 00:01:45]} Bb5 {[%clk 00:42:22]} {[%emt
00:10:11]} 12. Bxb5+ {[%clk 00:41:20]} {[%emt 00:05:54]} Qxb5 {[%clk 00:42:41]}
{[%emt 00:00:12]} 13. c4 {[%clk 00:41:40]} {[%emt 00:00:10]} Qa5 {[%clk
00:42:17]} {[%emt 00:00:54]} 14. a3 {[%clk 00:41:38]} {[%emt 00:00:31]} b6
{[%clk 00:37:08]} {[%emt 00:05:39]} 15. O-O {[%clk 00:30:31]} {[%emt 00:10:08]}
O-O {[%clk 00:33:53]} {[%emt 00:06:13]} 16. Qc2 {[%clk 00:29:30]} {[%emt
00:01:32]} e6 {[%clk 00:33:43]} {[%emt 00:00:39]} 17. dxe6 {[%clk 00:22:18]}
{[%emt 00:07:42]} fxe6 {[%clk 00:34:08]} {[%emt 00:00:06]} 18. Rfd1 {[%clk
00:22:33]} {[%emt 00:00:14]} Rad8 {[%clk 00:33:22]} {[%emt 00:01:16]} 19. e4
{[%clk 00:20:14]} {[%emt 00:02:49]} fxe4 {[%clk 00:29:27]} {[%emt 00:04:25]}
20. Nxe4 {[%clk 00:18:29]} {[%emt 00:02:14]} d5 {[%clk 00:28:45]} {[%emt
00:01:14]} 21. cxd5 {[%clk 00:17:57]} {[%emt 00:01:03]} exd5 {[%clk 00:28:53]}
{[%emt 00:00:21]} 22. Nxf6+ {[%clk 00:17:28]} {[%emt 00:00:59]} Bxf6 {[%clk
00:28:53]} {[%emt 00:00:30]} 23. Qf5 {[%clk 00:16:15]} {[%emt 00:01:42]} d4
{[%clk 00:28:40]} {[%emt 00:00:43]} 24. Re1 {[%clk 00:14:56]} {[%emt 00:01:50]}
Bg7 {[%clk 00:27:59]} {[%emt 00:01:10]} 25. Qh3 {[%clk 00:14:00]} {[%emt
00:01:26]} d3 {[%clk 00:22:55]} {[%emt 00:05:35]} 26. Ng5 {[%clk 00:12:58]}
{[%emt 00:01:32]} h6 {[%clk 00:23:16]} {[%emt 00:00:09]} 27. Qe6+ {[%clk
00:12:41]} {[%emt 00:00:47]} Kh8 {[%clk 00:23:21]} {[%emt 00:00:25]} 28. Nf7+
{[%clk 00:13:02]} {[%emt 00:00:09]} Rxf7 {[%clk 00:23:32]} {[%emt 00:00:19]}
29. Qxf7 {[%clk 00:13:18]} {[%emt 00:00:13]} d2 {[%clk 00:23:53]} {[%emt
00:00:09]} 30. Re8+ {[%clk 00:13:04]} {[%emt 00:00:45]} Rxe8 {[%clk 00:24:16]}
{[%emt 00:00:07]} 31. Qxe8+ {[%clk 00:13:26]} {[%emt 00:00:08]} Kh7 {[%clk
00:24:37]} {[%emt 00:00:08]} 32. Qe2 {[%clk 00:13:22]} {[%emt 00:00:34]} c4
{[%clk 00:23:48]} {[%emt 00:01:19]} 33. Qxc4 {[%clk 00:12:35]} {[%emt
00:01:18]} Bxb2 {[%clk 00:24:13]} {[%emt 00:00:06]} 34. Qd3+ {[%clk 00:12:48]}
{[%emt 00:00:16]} Kg7 {[%clk 00:24:18]} {[%emt 00:00:25]} 35. Rxb2 {[%clk
00:12:53]} {[%emt 00:00:24]} Qxa3 {[%clk 00:23:59]} {[%emt 00:00:50]} 36. Rxd2
{[%emt 00:00:30]} Qa1+ {[%clk 00:24:17]} {[%emt 00:00:11]} 37. Rd1 {[%clk
00:13:18]} {[%emt 00:00:07]} Qa5 {[%clk 00:24:36]} {[%emt 00:00:10]} 38. Qg3+
{[%clk 00:13:30]} {[%emt 00:00:16]} Kf6 {[%clk 00:24:40]} {[%emt 00:00:28]} 39.
Rd6+ {[%clk 00:13:42]} {[%emt 00:00:18]} Ke7 {[%clk 00:24:58]} {[%emt
00:00:09]} 40. h3 {[%clk 00:13:45]} {[%emt 00:00:30]} Qe1+ {[%clk 00:24:15]}
{[%emt 00:01:13]} 41. Kh2 {[%clk 00:13:58]} {[%emt 00:00:16]} b5 {[%clk
00:24:39]} {[%emt 00:00:06]} 42. Rxh6 {[%clk 00:13:39]} {[%emt 00:00:49]} 1-0

[Event "ODJM C 2025"]
[Site "Willingen GER"]
[Date "2025.06.13"]
[Round "8"]
[White "Winkler, Theo"]
[Black "Prokscha, Marlene"]
[Result "1-0"]
[Termination "normal"]
[Board "9"]
[WhiteElo "1466"]
[BlackElo "1560"]
[WhiteClock "00:31:34"]
[BlackClock "00:02:08"]
[PlyCount "81"]
[WhiteFideId "34622330"]
[BlackFideId "34631291"]
[EventCountry "GER"]
[EventRounds "9"]
[EventType "swiss"]
[EventDate "2025.06.07"]

1. e4 {[%clk 01:30:56]} {[%emt 00:00:03]} e6 {[%clk 01:30:54]} {[%emt
00:00:06]} 2. d4 {[%clk 01:31:16]} {[%emt 00:00:10]} d5 {[%clk 01:31:17]}
{[%emt 00:00:08]} 3. exd5 {[%clk 01:31:34]} {[%emt 00:00:10]} exd5 {[%clk
01:31:41]} {[%emt 00:00:08]} 4. Nf3 {[%clk 01:31:23]} {[%emt 00:00:40]} Nc6
{[%clk 01:31:35]} {[%emt 00:00:37]} 5. Bb5 {[%clk 01:29:07]} {[%emt 00:02:46]}
Bd6 {[%clk 01:29:34]} {[%emt 00:02:31]} 6. O-O {[%clk 01:28:06]} {[%emt
00:01:30]} Nge7 {[%clk 01:29:22]} {[%emt 00:00:43]} 7. Re1 {[%clk 01:26:56]}
{[%emt 00:01:40]} O-O {[%clk 01:29:04]} {[%emt 00:00:48]} 8. Bd3 {[%clk
01:13:47]} {[%emt 00:13:39]} h6 {[%clk 01:21:59]} {[%emt 00:07:35]} 9. Be3
{[%clk 01:08:48]} {[%emt 00:05:28]} Bf5 {[%clk 01:07:38]} {[%emt 00:14:52]} 10.
Qd2 {[%clk 00:58:08]} {[%emt 00:11:08]} Bxd3 {[%emt 00:04:55]} 11. Qxd3 {[%clk
00:58:21]} {[%emt 00:00:15]} Nb4 {[%clk 01:01:57]} {[%emt 00:01:50]} 12. Qd2
{[%clk 00:57:49]} {[%emt 00:01:01]} Nf5 {[%clk 01:01:32]} {[%emt 00:00:55]} 13.
Nc3 {[%clk 00:51:36]} {[%emt 00:06:43]} Nxe3 {[%clk 01:00:52]} {[%emt
00:01:10]} 14. fxe3 {[%clk 00:50:44]} {[%emt 00:01:21]} Re8 {[%clk 00:54:33]}
{[%emt 00:06:50]} 15. Nb5 {[%clk 00:48:06]} {[%emt 00:03:07]} Be7 {[%clk
00:45:59]} {[%emt 00:09:05]} 16. e4 {[%clk 00:44:21]} {[%emt 00:04:15]} a6
{[%clk 00:40:57]} {[%emt 00:05:33]} 17. Nc3 {[%clk 00:44:24]} {[%emt 00:00:26]}
dxe4 {[%clk 00:34:58]} {[%emt 00:06:30]} 18. Rxe4 {[%clk 00:44:14]} {[%emt
00:00:39]} Nd5 {[%clk 00:28:34]} {[%emt 00:06:54]} 19. Nxd5 {[%clk 00:38:29]}
{[%emt 00:06:15]} Qxd5 {[%clk 00:28:54]} {[%emt 00:00:10]} 20. Rae1 {[%clk
00:38:50]} {[%emt 00:00:08]} Qd7 {[%clk 00:26:21]} {[%emt 00:03:05]} 21. Qe3
{[%clk 00:38:11]} {[%emt 00:01:08]} Kf8 {[%clk 00:23:00]} {[%emt 00:03:52]} 22.
Ne5 {[%clk 00:37:14]} {[%emt 00:01:25]} Qe6 {[%clk 00:20:10]} {[%emt 00:03:21]}
23. Ng6+ {[%clk 00:36:39]} {[%emt 00:01:05]} Qxg6 {[%clk 00:19:54]} {[%emt
00:00:46]} 24. Rxe7 {[%clk 00:36:33]} {[%emt 00:00:36]} Rec8 {[%clk 00:15:21]}
{[%emt 00:05:03]} 25. Qa3 {[%clk 00:34:45]} {[%emt 00:02:17]} Qd6 {[%clk
00:15:14]} {[%emt 00:00:36]} 26. Qxd6 {[%clk 00:33:05]} {[%emt 00:02:11]} cxd6
{[%clk 00:15:41]} {[%emt 00:00:05]} 27. Rxb7 {[%clk 00:33:26]} {[%emt
00:00:08]} Re8 {[%clk 00:15:12]} {[%emt 00:00:59]} 28. Rxe8+ {[%clk 00:33:10]}
{[%emt 00:00:45]} Kxe8 {[%clk 00:15:35]} {[%emt 00:00:08]} 29. Kf2 {[%clk
00:33:22]} {[%emt 00:00:18]} Rc8 {[%clk 00:14:34]} {[%emt 00:01:32]} 30. c3
{[%clk 00:33:21]} {[%emt 00:00:30]} d5 {[%clk 00:13:05]} {[%emt 00:02:00]} 31.
Kf3 {[%clk 00:33:12]} {[%emt 00:00:39]} Rc6 {[%clk 00:12:42]} {[%emt 00:00:52]}
32. Kf4 {[%clk 00:32:07]} {[%emt 00:01:34]} Re6 {[%clk 00:12:28]} {[%emt
00:00:45]} 33. b3 {[%clk 00:31:21]} {[%emt 00:01:16]} Re2 {[%clk 00:06:09]}
{[%emt 00:06:50]} 34. c4 {[%clk 00:31:31]} {[%emt 00:00:19]} dxc4 {[%clk
00:06:24]} {[%emt 00:00:15]} 35. bxc4 {[%clk 00:31:54]} {[%emt 00:00:06]} Rxg2
{[%clk 00:06:44]} {[%emt 00:00:11]} 36. c5 {[%clk 00:31:42]} {[%emt 00:00:41]}
Rxh2 {[%clk 00:06:29]} {[%emt 00:00:46]} 37. c6 {[%clk 00:31:37]} {[%emt
00:00:36]} Rc2 {[%clk 00:06:21]} {[%emt 00:00:37]} 38. d5 {[%clk 00:31:24]}
{[%emt 00:00:42]} Re2 {[%clk 00:01:44]} {[%emt 00:05:08]} 39. d6 {[%clk
00:31:29]} {[%emt 00:00:25]} g5+ {[%clk 00:02:07]} {[%emt 00:00:08]} 40. Kf3
{[%clk 00:31:34]} {[%emt 00:00:24]} Rc2 {[%clk 00:02:08]} {[%emt 00:00:30]} 41.
Rb8# {[%emt 00:00:07]} 1-0

[Event "ODJM C 2025"]
[Site "Willingen GER"]
[Date "2025.06.13"]
[Round "8"]
[White "Gakhov, Gabriel"]
[Black "Özkurt, Alper"]
[Result "0-1"]
[Termination "normal"]
[Board "10"]
[WhiteElo "1519"]
[BlackElo "1523"]
[WhiteClock "00:58:56"]
[BlackClock "00:40:04"]
[PlyCount "54"]
[WhiteFideId "533017875"]
[BlackFideId "34655190"]
[EventCountry "GER"]
[EventRounds "9"]
[EventType "swiss"]
[EventDate "2025.06.07"]

1. e4 {[%clk 01:30:58]} {[%emt 00:00:01]} e6 {[%clk 01:30:54]} {[%emt
00:00:06]} 2. d4 {[%clk 01:31:24]} {[%emt 00:00:05]} d5 {[%clk 01:31:20]}
{[%emt 00:00:04]} 3. e5 {[%clk 01:31:48]} {[%emt 00:00:06]} c5 {[%clk
01:31:46]} {[%emt 00:00:04]} 4. c3 {[%clk 01:32:08]} {[%emt 00:00:10]} Nc6
{[%clk 01:32:14]} {[%emt 00:00:02]} 5. Nf3 {[%clk 01:32:26]} {[%emt 00:00:12]}
Qb6 {[%clk 01:32:36]} {[%emt 00:00:09]} 6. Bd3 {[%clk 01:32:05]} {[%emt
00:00:50]} cxd4 {[%clk 01:32:53]} {[%emt 00:00:13]} 7. cxd4 {[%clk 01:32:21]}
{[%emt 00:00:14]} Bd7 {[%clk 01:33:17]} {[%emt 00:00:06]} 8. Bc2 {[%clk
01:31:13]} {[%emt 00:01:38]} Rc8 {[%clk 01:31:19]} {[%emt 00:02:28]} 9. a3
{[%clk 01:29:10]} {[%emt 00:02:34]} Qa5+ {[%clk 01:23:00]} {[%emt 00:08:48]}
10. Bd2 {[%clk 01:26:43]} {[%emt 00:02:57]} Nb4 {[%clk 01:05:50]} {[%emt
00:17:40]} 11. Nc3 {[%clk 01:24:45]} {[%emt 00:02:26]} Nxc2+ {[%clk 01:04:59]}
{[%emt 00:01:22]} 12. Qxc2 {[%clk 01:24:57]} {[%emt 00:00:19]} Qa6 {[%clk
01:05:13]} {[%emt 00:00:17]} 13. Qd1 {[%clk 01:22:23]} {[%emt 00:03:02]} Ne7
{[%clk 01:00:30]} {[%emt 00:05:13]} 14. Qe2 {[%clk 01:22:04]} {[%emt 00:00:45]}
Qxe2+ {[%clk 01:00:24]} {[%emt 00:00:40]} 15. Kxe2 {[%clk 01:18:13]} {[%emt
00:04:21]} Nc6 {[%clk 00:59:43]} {[%emt 00:01:12]} 16. b4 {[%clk 01:16:09]}
{[%emt 00:02:33]} Be7 {[%clk 00:59:47]} {[%emt 00:00:26]} 17. Kd3 {[%clk
01:11:31]} {[%emt 00:05:08]} O-O {[%clk 00:59:39]} {[%emt 00:00:38]} 18. Ne1
{[%clk 01:09:38]} {[%emt 00:02:22]} a6 {[%clk 00:58:47]} {[%emt 00:01:24]} 19.
f4 {[%clk 01:09:26]} {[%emt 00:00:40]} Rc7 {[%clk 00:58:31]} {[%emt 00:00:48]}
20. g4 {[%clk 01:08:59]} {[%emt 00:00:56]} f6 {[%clk 00:57:51]} {[%emt
00:01:10]} 21. h4 {[%clk 01:08:36]} {[%emt 00:00:54]} fxe5 {[%clk 00:55:44]}
{[%emt 00:02:37]} 22. fxe5 {[%clk 01:08:49]} {[%emt 00:00:15]} Be8 {[%clk
00:55:14]} {[%emt 00:01:00]} 23. h5 {[%clk 01:08:49]} {[%emt 00:00:31]} b5
{[%clk 00:49:39]} {[%emt 00:06:06]} 24. Rh3 {[%clk 01:01:52]} {[%emt 00:07:25]}
a5 {[%clk 00:39:19]} {[%emt 00:10:51]} 25. Nxb5 {[%emt 00:01:24]} Nxb4+ {[%emt
00:01:22]} 26. axb4 {[%clk 00:59:03]} {[%emt 00:01:15]} Bxb5+ {[%clk 00:39:40]}
{[%emt 00:00:10]} 27. Ke3 {[%clk 00:58:56]} {[%emt 00:00:34]} Bg5# {[%clk
00:40:04]} {[%emt 00:00:09]} 0-1